Schleusungskriminalität aus tatrichterlicher Sicht: das Chamer Modell

Guardado en:  
Detalles Bibliográficos
Autor principal: Ring, Bernhard (Autor)
Tipo de documento: Print Artículo
Lenguaje:Alemán
Publicado: 2002
En: Illegale Migration und Schleusungskriminalität
Año: 2002, Páginas: [105] - 123
Verificar disponibilidad: HBZ Gateway
Palabras clave:

MARC

LEADER 00000caa a2200000 c 4500
001 1173517405
003 DE-627
005 20220524141751.0
007 tu
008 030227s2002 xx ||||| 00| ||ger c
020 |a 3926371560 
035 |a (DE-627)1173517405 
035 |a (DE-576)103517405 
035 |a (DE-599)BSZ103517405 
040 |a DE-627  |b ger  |c DE-627  |e rakwb 
041 |a ger 
100 1 |a Ring, Bernhard  |4 aut 
245 1 0 |a Schleusungskriminalität aus tatrichterlicher Sicht  |b das Chamer Modell  |c Bernhard Ring 
264 1 |c 2002 
300 |a S. [105] - 123 
336 |a Text  |b txt  |2 rdacontent 
337 |a ohne Hilfsmittel zu benutzen  |b n  |2 rdamedia 
338 |a Band  |b nc  |2 rdacarrier 
773 0 8 |i In  |t Illegale Migration und Schleusungskriminalität  |d Wiesbaden : KrimZ, 2002  |g (2002), Seite [105] - 123  |h 162 S.  |w (DE-627)35382609X  |w (DE-576)100962610  |z 3926371560  |7 nnam 
773 1 8 |g year:2002  |g pages:[105] - 123 
935 |a mkri 
951 |a AR 
ELC |b 1 
LOK |0 000 xxxxxcx a22 zn 4500 
LOK |0 001 2899224689 
LOK |0 003 DE-627 
LOK |0 004 1173517405 
LOK |0 005 20260108162010 
LOK |0 008 160208||||||||||||||||ger||||||| 
LOK |0 040   |a DE-21-110  |c DE-627  |d DE-21-110 
LOK |0 689   |a s  |a Schleusungskriminalität 
LOK |0 689   |a s  |a Tatrichter 
LOK |0 852   |a DE-21-110 
LOK |0 852 1  |m p  |9 00 
LOK |0 935   |a k110 
LOK |0 938   |k p 
LOK |0 939   |a 08-02-16  |b l01 
ORI |a SA-MARC-krimdoka001.raw